| 000 | 01174cam a2200301 a 4500 | ||
|---|---|---|---|
| 001 | 3494 | ||
| 005 | 20240313102320.0 | ||
| 020 | _a9780516422985 | ||
| 040 |
_aDLC _cDLC _dDLC _beng |
||
| 050 | 0 | 0 |
_aND237.P73 _b1994 |
| 082 | 0 | 0 | _a759.13 |
| 100 | 1 | _aVenezia, Mike | |
| 245 | 1 | 0 |
_aJackson Pollock / _cwritten and illustrated by Mike Venezia ; consultant, Meg Moss |
| 260 |
_aChicago : _bChildrens Press, _c1994 |
||
| 300 |
_a31 pages : _bcolor illustrations ; _c25 cm. |
||
| 490 | _aGetting to know the world's greatest artists | ||
| 505 | _aZ | ||
| 520 | _aA series of artist biographies for young readers provides hilarious, cartoon-style illustrations to complement the easy-to-read text and full-color reproductions of each master's artwork. Includes primary sources, photos, illustrations, maps and timelines | ||
| 521 |
_a940
_bLexile |
||
| 521 |
_aZ
_bRaz-Plus |
||
| 650 | 0 |
_aAbstract expressionism _zUnited States _vJuvenile literature |
|
| 650 | 1 | _aArtists | |
| 650 | 1 | _aPainting, American | |
| 650 | 1 | _aArt appreciation | |
| 700 | 1 |
_aPollock, Jackson _d1912-1956 |
|
| 906 |
_a7 _bcbc _corignew _d1 _eocip _f19 _gy-gencatlg |
||
| 942 |
_2ddc _cBK _n0 |
||
| 999 |
_c3494 _d3494 |
||